Arqueología del occidente y norte de México /
"Diverse topics are covered in this collection: recent work on the Tarascan state, groundstone from Carapan, Michoacán, 'conch' shell artifacts, turquoise mining, ceramic and lithic artifacts from the borders of Hidalgo and Querétaro, ceramics from the Sierra Tarahumara, and investiga...
Saved in:
| Other Authors: | , |
|---|---|
| Format: | Book |
| Language: | Spanish |
| Published: |
Zamora, Mich. :
Colegio de Michoacán,
c1995.
|
| Series: | Colección Memorias (Colegio de Michoacán)
|
| Subjects: | |
| Tags: |
Add Tag
No Tags, Be the first to tag this record!
|
| LEADER | 02500nam a2200373 a 4500 | ||
|---|---|---|---|
| 001 | 007456975-9 | ||
| 005 | 20050412174511.0 | ||
| 008 | 960119s1995 mx ab b l000 0 spa d | ||
| 010 | |a 95222764 | ||
| 020 | |a 9686959300 | ||
| 035 | 0 | |a ocm(CStRLIN)CSUGAQB2547-B | |
| 035 | 0 | |a ocm(CSt)notisAQB2547 | |
| 035 | 0 | |a ocm33806914 | |
| 040 | |a LRU |c LRU |d DLC | ||
| 042 | |a lccopycat | ||
| 043 | |a n-mx--- | ||
| 050 | 0 | 0 | |a F1219 |b .A84 1995 |
| 082 | 0 | 0 | |a 972/.01 |2 20 |
| 245 | 0 | 0 | |a Arqueología del occidente y norte de México / |c Eduardo Williams y Phil C. Weigand, editores. |
| 260 | |a Zamora, Mich. : |b Colegio de Michoacán, |c c1995. | ||
| 300 | |a 224 p. : |b ill., maps ; |c 23 cm. | ||
| 490 | 1 | |a Colección Memorias | |
| 504 | |a Includes bibliographical references. | ||
| 505 | 0 | 0 | |t Presentación / |r Eduardo Williams -- |t Introducción / |r Phil C. Weigand -- |t Estudio del surgimiento del Estado tarasco / |r Helen P. Pollard -- |t Objetos de molienda de Carapan, Michoacán, que sugieren relaciones con culturas de Centroamérica / |r Rubén Cabrera Castro -- |t Interpretación del material prehispánico de concha del occidente de México / |r Robert Novella -- |t Minería prehispánica en las regiones noroccidentales de Mesoamérica, con énfasis en la turquesa / |r Phil C. Weigand -- |t Investigaciones arqueológicas en los límites de Querétaro e Hidalgo, presa hidroeléctrica Zimapán / |r Sergio A. Sánchez, Ma. Antonieta Moguel y Nelly Silva -- |t La cerámica actual y la cerámica arqueológica de la Sierra Tarahumara / |r Suzanne Lewenstein -- |t Boca de Potrerillos, Nuevo León / |r Solveig A. Turpin, Herbert H. Eling, Jr. y Moisés Valadez. |
| 520 | 1 | |a "Diverse topics are covered in this collection: recent work on the Tarascan state, groundstone from Carapan, Michoacán, 'conch' shell artifacts, turquoise mining, ceramic and lithic artifacts from the borders of Hidalgo and Querétaro, ceramics from the Sierra Tarahumara, and investigations of the Boca de Potrerillos project in Nuevo León"--Handbook of Latin American Studies, v. 57. |u http://www.loc.gov/hlas | |
| 650 | 0 | |a Indians of Mexico |x Antiquities. | |
| 650 | 0 | |a Excavations (Archaeology) |z Mexico. | |
| 651 | 0 | |a Mexico |x Antiquities. | |
| 700 | 1 | |a Williams, Eduardo. | |
| 700 | 1 | |a Weigand, Phil C. | |
| 776 | 0 | 8 | |i Online version: |t Arqueología del occidente y norte de México. |d Zamora, Mich. : Colegio de Michoacán, ©1995 |w (OCoLC)656793951 |
| 830 | 0 | |a Colección Memorias (Colegio de Michoacán) | |
| 988 | |a 20020608 | ||
| 906 | |0 OCLC | ||


